Colonialism & violence in Zimbabwe : (Record no. 124284)
[ view plain ]
| 000 -LEADER | |
|---|---|
| fixed length control field | 01167cam a2200337Ma 4500 |
| 001 - CONTROL NUMBER | |
| control field | 10280361 |
| 003 - CONTROL NUMBER IDENTIFIER | |
| control field | ARRUPE |
| 005 - DATE AND TIME OF LATEST TRANSACTION | |
| control field | 20160302124733.0 |
| 008 - FIXED-LENGTH DATA ELEMENTS--GENERAL INFORMATION | |
| fixed length control field | 120619s2013 enka 000 0 eng d |
| 020 ## - INTERNATIONAL STANDARD BOOK NUMBER | |
| International Standard Book Number | 9781847010513 (hardback) |
| 020 ## - INTERNATIONAL STANDARD BOOK NUMBER | |
| International Standard Book Number | 1847010512 (hardback) |
| 024 ## - OTHER STANDARD IDENTIFIER | |
| Standard number or code | 99953804487 |
| 035 ## - SYSTEM CONTROL NUMBER | |
| System control number | (OCoLC)ocn840936948 |
| 035 ## - SYSTEM CONTROL NUMBER | |
| System control number | (OCoLC)840936948 |
| 035 ## - SYSTEM CONTROL NUMBER | |
| System control number | (NNC)10280361 |
| 040 ## - CATALOGING SOURCE | |
| Original cataloging agency | NLE |
| Language of cataloging | eng |
| Transcribing agency | NLE |
| Modifying agency | OCLCO |
| -- | NhCcYBP |
| 050 #4 - LIBRARY OF CONGRESS CALL NUMBER | |
| Classification number | HN802.Z9 |
| Item number | V5774 2013 |
| 082 04 - DEWEY DECIMAL CLASSIFICATION NUMBER | |
| Classification number | 363.32096891 |
| Edition number | 23 |
| 300 ## - PHYSICAL DESCRIPTION | |
| Other physical details | ill. ; |
| Dimensions | 25 cm. |
| 100 1# - MAIN ENTRY--PERSONAL NAME | |
| Personal name | Schmidt, Heike Ingeborg. |
| 9 (RLIN) | 4741 |
| 245 10 - TITLE STATEMENT | |
| Title | Colonialism & violence in Zimbabwe : |
| Remainder of title | a history of suffering / |
| Statement of responsibility, etc | Heike I. Schmidt. |
| 246 3# - VARYING FORM OF TITLE | |
| Title proper/short title | Colonialism and violence in Zimbabwe |
| 260 ## - PUBLICATION, DISTRIBUTION, ETC. (IMPRINT) | |
| Place of publication, distribution, etc | Woodbridge, Suffolk, GB ; |
| -- | Rochester, NY : |
| Name of publisher, distributor, etc | James Currey ; |
| Place of publication, distribution, etc | Harare, Zimbabwe : |
| Name of publisher, distributor, etc | Distributed in Zimbabwe by Weaver Press, |
| Date of publication, distribution, etc | c2013. |
| 300 ## - PHYSICAL DESCRIPTION | |
| Extent | xvi, 287 p.: |
| 650 #0 - SUBJECT ADDED ENTRY--TOPICAL TERM | |
| Topical term or geographic name as entry element | Violence |
| Geographic subdivision | Zimbabwe. |
| 9 (RLIN) | 22681 |
| 651 #0 - SUBJECT ADDED ENTRY--GEOGRAPHIC NAME | |
| Geographic name | Zimbabwe |
| General subdivision | History. |
| 9 (RLIN) | 9704 |
| 651 #0 - SUBJECT ADDED ENTRY--GEOGRAPHIC NAME | |
| Geographic name | Zimbabwe |
| General subdivision | Colonial influence. |
| 9 (RLIN) | 371 |
| 651 #0 - SUBJECT ADDED ENTRY--GEOGRAPHIC NAME | |
| Geographic name | Zimbabwe |
| General subdivision | Social conditions. |
| 9 (RLIN) | 11114 |
| 942 ## - ADDED ENTRY ELEMENTS (KOHA) | |
| Source of classification or shelving scheme | Library of Congress Classification |
| Koha item type | Monograph ( Printed materials) |
| 948 1# - LOCAL PROCESSING INFORMATION (OCLC); SERIES PART DESIGNATOR (RLIN) | |
| Series part designator, SPT (RLIN) | 20130531 |
| b (OCLC) | c |
| c (OCLC) | hew2 |
| d (OCLC) | MPS |
| Withdrawn status | Lost status | Source of classification or shelving scheme | Damaged status | Not for loan | Collection code | Home library | Current library | Shelving location | Date acquired | Total Checkouts | Full call number | Barcode | Date last seen | Date checked out | Price effective from | Koha item type |
|---|---|---|---|---|---|---|---|---|---|---|---|---|---|---|---|---|
| Library of Congress Classification | Main Collection | ARRUPE LIBRARY | ARRUPE LIBRARY | Main Collection | 02/03/2016 | 7 | DT3025.H75 S351 2013 | 464123669 | 01/10/2018 | 29/08/2018 | 02/03/2016 | Monograph ( Printed materials) |